000 01341cam a2200325 i 4500
001 18779897
003 SISC
005 20160930111927.0
008 150911t20162016enka b 001 0 eng c
010 _a 2015034570
020 _a9781119015581 (cloth)
040 _aWaSeSS/DLC
_beng
_cWaSeSS
_erda
_dDLC
042 _apcc
050 0 0 _aQA 76.9.D343
_b.L445 2016
082 0 0 _a006.3/12
100 1 _aLee, Hyunjoung,
_eauthor.
245 1 0 _aFundamentals of big data :
_bnetwork analysis for research and industry /
_cHyunjoung Lee, Institute of Green Technology, Yonsei University, Republic of Korea, Il Sohn, Material Science and Engineering, Yonsei University, Republic of Korea.
250 _a1st edition.
260 _aUK :
_bJohn Wiley & Sons, Ltd,
_c2016.
300 _axviii, 196 pages :
_billustrations ;
_c24 cm.
500 _aIncludes bibliographical references and index.
650 0 _aData mining.
650 0 _aBig data.
650 0 _aDecision making
_xData processing.
700 1 _aSohn, Il,
_eauthor.
776 0 8 _iOnline version:
_aLee, Hyunjoung, author.
_tFundamentals of big data
_dChichester, UK ; Hoboken, NJ : John Wiley & Sons, 2015
_z9781119015574
_w(DLC) 2015036339
906 _a7
_bcbc
_corignew
_d1
_eecip
_f20
_gy-gencatlg
942 _2lcc
_cBK
999 _c305143
_d305143